00574nam a2200181 a 45000010010000000030011000100080041000210350026000620820016000881000022001042450063001262600054001896500011002439420012002549520091002669980020003579990015003770000-8883ELIB.Books110520 2006  a(ELIB.Books)0000-9031 aM.Div bHel aHellen Linda, Naw aToday's Baptist Christians are Engaged in Spiritual Wafare bInsein: Karen Baptist Theological Seminary c2006 aThesis 2ddccBK 00102ddc4070aKBTSbKBTSd2011-05-20l0p30376r2022-01-22 00:00:00w2022-01-22yBK cbate2011-05-20 c8883d8883